[Event "Mecklenburg VP Verbandsliga 2223"]
[Site "Mecklenburg VP"]
[Date "2023.02.26"]
[Round "6.7"]
[White "Pruesse, Horst"]
[Black "Schmidt, Wolfgang6666"]
[Result "1-0"]
[WhiteElo "2044"]
[BlackElo "1681"]
[PlyCount "69"]
[EventDate "2022.10.23"]
[EventType "team-tourn"]
[EventRounds "9"]
[EventCountry "GER"]
[SourceTitle "EXT 2024"]
[Source "ChessBase"]
[SourceDate "2023.10.10"]
[SourceVersion "1"]
[SourceVersionDate "2023.10.10"]
[SourceQuality "1"]
[WhiteTeam "Neubrandenburg SG Eintracht"]
[BlackTeam "Mecklenburger Springer SC"]
[WhiteTeamCountry "GER"]
[BlackTeamCountry "GER"]

1. e4 g6 2. Nc3 Bg7 3. f4 d6 4. Nf3 Nf6 5. Bc4 e6 6. d3 a6 7. a4 Nc6 8. 0-0 Na5 9. Ba2 c5 10. Qe1 Nc6 11. f5 0-0 12. Qh4 exf5 13. Bg5 h6 14. Bxh6 Nh5 15. Bg5 Bf6 16. Nd5 Bxg5 17. Nxg5 Kg7 18. exf5 Kh6 19. f6 Ne5 20. Ne3 b5 21. g4 c4 22. gxh5 gxh5 23. Nf5+ Bxf5 24. Rxf5 Rg8 25. Kf1 Qd7 26. Qf4 Kg6 27. Ne6 fxe6 28. Qg5+ Kf7 29. Qxh5+ Kf8 30. Qh6+ Ke8 31. Rf4 Ra7 32. dxc4 Qh7 33. f7+ Rxf7 34. Qxe6+ Re7 35. Qc8# 1-0

[Event "Mecklenburg VP Verbandsliga 2223"]
[Site "Mecklenburg VP"]
[Date "2022.12.11"]
[Round "4.6"]
[White "Glawe, Hartmut"]
[Black "Pruesse, Horst"]
[Result "0-1"]
[WhiteElo "2017"]
[BlackElo "2044"]
[PlyCount "58"]
[EventDate "2022.10.23"]
[EventType "team-tourn"]
[EventRounds "9"]
[EventCountry "GER"]
[SourceTitle "EXT 2024"]
[Source "ChessBase"]
[SourceDate "2023.10.10"]
[SourceVersion "1"]
[SourceVersionDate "2023.10.10"]
[SourceQuality "1"]
[WhiteTeam "Stralsund HSG"]
[BlackTeam "Neubrandenburg SG Eintracht"]
[WhiteTeamCountry "GER"]
[BlackTeamCountry "GER"]

1. d4 c5 2. d5 e5 3. e4 d6 4. Nc3 f5 5. Bb5+ Bd7 6. exf5 Nf6 7. a4 Be7 8. Nge2 0-0 9. Ng3 Na6 10. 0-0 Nb4 11. f4 a6 12. Bc4 e4 13. Re1 b5 14. axb5 axb5 15. Rxa8 Qxa8 16. Nxb5 Bxb5 17. Bxb5 Nbxd5 18. Bc4 Kh8 19. Bxd5 Nxd5 20. Rxe4 Bh4 21. Re6 Qa1 22. Rxd6 Nf6 23. Be3 Qxb2 24. Bxc5 Qc3 25. Bf2 Qc8 26. Qd3 Ng4 27. Bd4 Re8 28. Ne2 Qb8 29. Rd7 Qb1+ 0-1

[Event "Mecklenburg VP Verbandsliga 1920"]
[Site "Mecklenburg VP"]
[Date "2019.12.08"]
[Round "4.4"]
[White "Pruesse, Horst"]
[Black "Dettmann, Gerd"]
[Result "0-1"]
[WhiteElo "2044"]
[BlackElo "2102"]
[PlyCount "92"]
[EventDate "2019.09.29"]
[EventType "team-tourn"]
[EventRounds "9"]
[EventCountry "GER"]
[SourceTitle "EXT 2023"]
[Source "ChessBase"]
[SourceDate "2022.10.05"]
[SourceVersion "1"]
[SourceVersionDate "2022.10.05"]
[SourceQuality "1"]
[WhiteTeam "Neubrandenburg SG Eintracht"]
[BlackTeam "Guestrow/Teterow"]
[WhiteTeamCountry "GER"]
[BlackTeamCountry "GER"]

1. e4 c5 2. Nc3 d6 3. f4 g6 4. Nf3 Bg7 5. Be2 Nc6 6. 0-0 e6 7. Qe1 Nge7 8. Bd1 a6 9. d3 0-0 10. Qh4 Nd4 11. Ne2 Nec6 12. Qg3 Nxf3+ 13. Rxf3 f5 14. Nc3 d5 15. e5 b5 16. h4 Bd7 17. Qf2 Qe7 18. Rh3 h5 19. Nb1 Nd8 20. Re3 Nf7 21. Qg3 Kh7 22. Bf3 Rac8 23. Qe1 Bc6 24. Re2 Nh6 25. g3 Ng4 26. Nd2 Qa7 27. c3 Rfd8 28. Nb3 Bf8 29. Kg2 a5 30. d4 a4 31. Nxc5 Bxc5 32. dxc5 Qxc5 33. Qg1 d4 34. Bxc6 Qxc6+ 35. Kh3 d3 36. Rg2 Qc4 37. Bd2 Rd7 38. a3 Rc6 39. Rd1 Qe4 40. Re1 Qf3 41. Rf1 Qd5 42. Rd1 Rc4 43. Qf1 Re4 44. Re1 Qc4 45. Qf3 Rxe1 46. Bxe1 Qe4 0-1

[Event "Erfurt op-B 28th"]
[Site "Erfurt"]
[Date "2018.12.26"]
[Round "1"]
[White "Czappa, Fabian Alexander"]
[Black "Pruesse, Horst"]
[Result "1-0"]
[WhiteElo "1763"]
[BlackElo "2028"]
[PlyCount "91"]
[EventDate "2018.12.26"]
[EventType "swiss"]
[EventRounds "8"]
[EventCountry "GER"]
[SourceTitle "EXT 2021"]
[Source "ChessBase"]
[SourceDate "2020.10.23"]
[SourceVersion "1"]
[SourceVersionDate "2020.10.23"]
[SourceQuality "1"]

1. e4 c5 2. Nc3 e6 3. f4 d5 4. e5 Ne7 5. Nf3 Nbc6 6. Bb5 Qb6 7. d4 Nf5 8. Bxc6+ bxc6 9. Ne2 Ba6 10. c3 cxd4 11. Nexd4 Nxd4 12. Nxd4 Bc5 13. Qa4 0-0 14. g4 Rac8 15. h4 Be7 16. Qc2 c5 17. Nf3 d4 18. c4 Qb4+ 19. Nd2 f6 20. exf6 Rxf6 21. 0-0 Rh6 22. h5 g6 23. a3 Qb8 24. Ne4 gxh5 25. f5 Bf8 26. Bxh6 Bxh6 27. g5 Bg7 28. f6 Bh8 29. Qh2 Qxh2+ 30. Kxh2 Rb8 31. Rf2 Bxc4 32. Nxc5 Kf7 33. Nd7 Rb5 34. Rc1 Bb3 35. Rc8 Bxf6 36. Nxf6 Ke7 37. Rc7+ Kd6 38. Rd7+ Ke5 39. Rxh7 d3 40. Rxh5 Kd4 41. Rh4+ Ke3 42. Rg2 Rf5 43. Re4+ Kf3 44. Rg3+ Kf2 45. Ng4+ Kf1 46. Rg1# 1-0

[Event "Mecklenburg VP LL2 Ost 1819"]
[Site "Mecklenburg VP"]
[Date "2018.11.25"]
[Round "3.4"]
[White "Buenz, Heinrich"]
[Black "Pruesse, Horst"]
[Result "0-1"]
[WhiteElo "1632"]
[BlackElo "1936"]
[PlyCount "92"]
[EventDate "2018.10.21"]
[EventType "team-tourn"]
[EventRounds "9"]
[EventCountry "GER"]
[SourceTitle "EXT 2022"]
[Source "ChessBase"]
[SourceDate "2021.10.06"]
[SourceVersion "1"]
[SourceVersionDate "2021.10.06"]
[SourceQuality "1"]
[WhiteTeam "Neubrandenburg SG Eintracht II"]
[BlackTeam "Neubrandenburg SG Eintracht"]
[WhiteTeamCountry "GER"]
[BlackTeamCountry "GER"]

1. Nf3 Nc6 2. g3 e5 3. d4 e4 4. Nh4 d5 5. Nc3 a6 6. a3 Be6 7. Ng2 Qf6 8. e3 g5 9. Be2 0-0-0 10. b4 Kb8 11. h4 Bd6 12. hxg5 Qxg5 13. Rh5 Qg7 14. Kd2 Nxd4 15. Nf4 Bxf4 16. gxf4 Nxe2 17. Bb2 Nxc3 18. Bxc3 f6 19. Bd4 Qd7 20. Qe1 Bg4 21. Rh2 h5 22. Kc3 Rh6 23. Kb3 Qc6 24. Qd2 Ne7 25. Rc1 Nf5 26. c4 Nxd4+ 27. Qxd4 dxc4+ 28. Rxc4 Rxd4 29. Rxc6 Bd1+ 30. Kb2 Rd2+ 31. Kc1 bxc6 32. Kxd2 Bf3 33. Kc3 Rh7 34. Kc4 Rd7 35. Rh3 Be2+ 36. Kb3 Rd3+ 37. Kb2 Kb7 38. Rg3 Bg4 39. Rg1 Rd1 40. Rg2 f5 41. Kc2 Ra1 42. Kb2 Rh1 43. Kc3 h4 44. Kd4 h3 45. Rxg4 fxg4 46. f5 Rf1 0-1

[Event "GER-chT Seniors 26th"]
[Site "Templin"]
[Date "2017.09.30"]
[Round "6.2"]
[White "Pruesse, Horst"]
[Black "Hanisch, Friedrich"]
[Result "1/2-1/2"]
[WhiteElo "2071"]
[BlackElo "2081"]
[PlyCount "109"]
[EventDate "2017.09.25"]
[EventType "team-swiss"]
[EventRounds "7"]
[EventCountry "GER"]
[SourceTitle "EXT 2019"]
[Source "ChessBase"]
[SourceDate "2018.10.10"]
[SourceVersion "1"]
[SourceVersionDate "2018.10.10"]
[SourceQuality "1"]
[WhiteTeam "Mecklenburg Vorpommern"]
[BlackTeam "Bayern II"]
[WhiteTeamCountry "GER"]
[BlackTeamCountry "GER"]

1. e4 c6 2. d4 d5 3. e5 c5 4. dxc5 Nc6 5. Nf3 e6 6. Be3 f6 7. Bb5 Bd7 8. Bxc6 bxc6 9. Nbd2 Be7 10. 0-0 Qc7 11. Bf4 f5 12. Nb3 Qd8 13. Bd2 g6 14. Ne1 h5 15. f4 Nh6 16. Nf3 Nf7 17. Qe1 Rg8 18. Ba5 Qc8 19. Qe2 Rb8 20. Nfd4 Kf8 21. Rfe1 Kg7 22. c4 Nd8 23. Rac1 Qa6 24. Rc3 Rc8 25. Qc2 Nb7 26. Bb4 Nd8 27. Ba3 Qa4 28. Ree3 Qa6 29. Nd2 Nb7 30. b4 Nd8 31. Bb2 Kh6 32. a3 Qb7 33. Rb3 a6 34. cxd5 exd5 35. e6 Be8 36. Rg3 Rf8 37. N2f3 Bf6 38. Qe2 Qe7 39. Qxa6 Qc7 40. a4 Rb8 41. Qf1 Qc8 42. Qe2 Rb7 43. a5 Re7 44. Re3 Qb8 45. Bc3 Qxf4 46. a6 Qc7 47. Ne5 f4 48. Rh3 fxe3 49. Ng4+ Kh7 50. Nb5 cxb5 51. Nxf6+ Rxf6 52. Bxf6 Rxe6 53. Rxe3 Rxe3 54. Qxe3 Bc6 55. Bc3 1/2-1/2

[Event "Pfarrkirchen Rottal op 1st"]
[Site "Pfarrkirchen"]
[Date "2017.04.14"]
[Round "1"]
[White "Pruesse, Horst"]
[Black "Betke, Arno"]
[Result "1-0"]
[WhiteElo "2073"]
[BlackElo "1650"]
[PlyCount "47"]
[EventDate "2017.04.14"]
[EventType "swiss"]
[EventRounds "7"]
[EventCountry "GER"]
[SourceTitle "CBM 177 Extra"]
[Source "ChessBase"]
[SourceDate "2017.04.27"]
[SourceVersion "1"]
[SourceVersionDate "2017.04.27"]
[SourceQuality "1"]

1. f4 e6 2. Nf3 d5 3. e3 Nf6 4. b3 c5 5. Bb2 Be7 6. Ne5 0-0 7. Be2 Nc6 8. Nxc6 bxc6 9. 0-0 Bd7 10. Qe1 Qb6 11. Kh1 c4 12. Rf3 cxb3 13. axb3 c5 14. d3 Ne8 15. e4 dxe4 16. dxe4 Bc6 17. Bd3 f5 18. Rg3 fxe4 19. Ra6 Qd8 20. Rxc6 exd3 21. Rxd3 Qb8 22. Qxe6+ Kh8 23. Qxe7 Qxf4 24. Rf3 1-0